Bharatbarshar itihas (1757-1947) (Record no. 11898)

MARC details
000 -LEADER
fixed length control field 00527nam a22001937a 4500
005 - DATE AND TIME OF LATEST TRANSACTION
control field 20260515115033.0
008 - FIXED-LENGTH DATA ELEMENTS--GENERAL INFORMATION
fixed length control field 240902b |||||||| |||| 00| 0 eng d
020 ## - INTERNATIONAL STANDARD BOOK NUMBER
International Standard Book Number 9789360786663
040 ## - CATALOGING SOURCE
Original cataloging agency IN-DiNC
Transcribing agency IN-DiNC
041 ## - LANGUAGE CODE
Language code of sung or spoken text asm
082 ## - DEWEY DECIMAL CLASSIFICATION NUMBER
Classification number 954.03
Item number BOR
100 ## - MAIN ENTRY--PERSONAL NAME
Personal name Borah, Kalyan
Relator term author
245 ## - TITLE STATEMENT
Title Bharatbarshar itihas (1757-1947)
Statement of responsibility, etc. by Kalyan Borah
250 ## - EDITION STATEMENT
Edition statement 1st ed.
260 ## - PUBLICATION, DISTRIBUTION, ETC.
Place of publication, distribution, etc. Guwahati:
Name of publisher, distributor, etc. Ashok publication,
Date of publication, distribution, etc. 2024.
300 ## - PHYSICAL DESCRIPTION
Extent 183p.
650 ## - SUBJECT ADDED ENTRY--TOPICAL TERM
Topical term or geographic name entry element History of modern India (1757-1947)
942 ## - ADDED ENTRY ELEMENTS (KOHA)
Source of classification or shelving scheme Dewey Decimal Classification
Koha item type Books
Holdings
Withdrawn status Lost status Source of classification or shelving scheme Damaged status Not for loan Collection Home library Current library Shelving location Date acquired Cost, normal purchase price Total checkouts Full call number Barcode Date last seen Date last checked out Copy number Price effective from Koha item type
    Dewey Decimal Classification       Naharkatiya College Library Naharkatiya College Library General stacks 09/02/2024 250.00 1 954.03 BOR 30243 11/19/2025 10/17/2025 1 09/02/2024 Books
    Dewey Decimal Classification       Naharkatiya College Library Naharkatiya College Library General stacks 09/02/2024 250.00 2 954.03 BOR 30244 03/05/2026 02/19/2026 2 09/02/2024 Books